| 000 | 00702nam a22001937a 4500 | ||
|---|---|---|---|
| 003 | CEME | ||
| 005 | 20210628210516.0 | ||
| 008 | 210209b xxu||||| |||| 00| 0 eng d | ||
| 020 | _a0-8016-3231-5 | ||
| 040 | _c. | ||
| 082 | _a658 KRA | ||
| 100 |
_aCurtis, Joseph E Kraus, Richard G _979703 |
||
| 245 | _aCreative management in recreation parks and leisure services | ||
| 250 | _a5TH | ||
| 260 |
_aNEW YORK _bMCGRAW HILL _c1990 |
||
| 300 | _a194P | ||
| 650 |
_aRECEARTION-MANAGEMENT PARKS-MANAGEMENT LEISURE-INDUSTRY-MANAGEMENT RECREATION-UNITED STATES-MANAGEMEN RECREATION-CANADA-MANAGEMENT LEISURE INDUSTRY-UNITED STATES-MANAGEMENT LEISURE-INDUSTRY MANAGEMENT-CANADA _979704 |
||
| 942 |
_cBK _2ddc |
||
| 999 |
_c584706 _d584706 |
||